000 00286nam a22001337a 4500
008 170601b xxu||||| |||| 00| 0 eng d
020 _a0155025988
041 _aeng
080 _a94(7/8)
100 _a17
101 _ashh
245 _aTHE AMERICANS
_cBEDFORD, H.F
942 _2udc
_cBK
999 _c15518
_d15518